Panchiko - Laputa (Lyrics) - Statistics

General Stats
  • This quiz has been taken 15 times
  • The average score is 64 of 93
Answer Stats
Answer % Correct
a
100%
the
100%
The
100%
the
100%
The
100%
The
100%
the
100%
Laputa
91%
Laputa
91%
all
82%
all
82%
And
82%
And
82%
Daddy
82%
fell
82%
how
82%
how
82%
how
82%
how
82%
knew
82%
knew
82%
no,
82%
was
82%
was
82%
we
82%
we
82%
we
82%
we
82%
we
82%
we
82%
got
73%
got
73%
he's
73%
in
73%
into
73%
not
73%
She
73%
sun
73%
to
73%
to
73%
to
73%
to
73%
to
73%
answer's
64%
anyone
64%
away
64%
away
64%
came
64%
Cause
64%
Cause
64%
Cause
64%
doors
64%
doors
64%
flew
64%
flew
64%
Heaven's
64%
Heaven's
64%
high
64%
it's
64%
just
64%
miles
64%
miles
64%
skies
64%
there,
64%
there,
64%
too
64%
up
64%
up
64%
with
64%
are
55%
are
55%
falling
55%
ground,
55%
ground,
55%
have
55%
have
55%
screaming
55%
stay
55%
stay
55%
died
45%
died
45%
off
45%
robots
45%
robots
45%
stuck
45%
stuck
45%
you
45%
you
45%
you're
45%
you're
45%
at
36%
flash
36%
last
36%
No matching quizzes found
Score Distribution
Percent of People with Each Score
Percentile by Number Answered
Your Score History
You have not taken this quiz